Проблеми міжперсональної комунікації у науково-фантастичній прозі ХХ ст. (за романами А. Азімова та Р. Сілверберга "Потворний хлопчина", Р. Бредбері "451 градус за Фаренгейтом", С. Лема "Соляріс") (Запис № 285408)

МАРК-запис
000 -LEADER
fixed length control field 02856nam a22001577a 4500
041 ## - LANGUAGE CODE
Language code of text/sound track or separate title ukr
080 ## - UNIVERSAL DECIMAL CLASSIFICATION NUMBER
Universal Decimal Classification number 09
090 ## - LOCALLY ASSIGNED LC-TYPE CALL NUMBER (OCLC); LOCAL CALL NUMBER (OCLC)
Local cutter number (OCLC) ; Book number/undivided call number, CALL (RLIN) БУХ
100 ## - MAIN ENTRY--PERSONAL NAME
Personal name Бухтіярова, М. А.
245 ## - TITLE STATEMENT
Title Проблеми міжперсональної комунікації у науково-фантастичній прозі ХХ ст. (за романами А. Азімова та Р. Сілверберга "Потворний хлопчина", Р. Бредбері "451 градус за Фаренгейтом", С. Лема "Соляріс")
260 ## - PUBLICATION, DISTRIBUTION, ETC. (IMPRINT)
Place of publication, distribution, etc Острог
Name of publisher, distributor, etc КАФ
Date of publication, distribution, etc 2014
300 ## - PHYSICAL DESCRIPTION
Extent 102
520 ## - SUMMARY, ETC.
Summary, etc Вступ.<br/>Розділ І. Розвиток науково-фантастичного роману ХХ ст. в епоху НТР.<br/>1.1. Епоха НТР ХХ ст.: проблеми і культурного характеру<br/>1.2. Стильова багатоаспектність творчості С. Лема<br/>1.3. Сукупність художніх засобів, з яких збудований "дивовижний світ фантастики" Р. Бредбері<br/>1.4. А. Азімов великий популяризатор науки ХХ ст.<br/>1.5. Образ Чужого в науково-фантастичній антиутопії<br/>1.6. Жанрові особливості науково-фантастичного роману<br/>Висновки до Розділу І.<br/>Розділ ІІ. Проблематичність комунікації героя з середовищем.<br/>2.1. Відображення впливу НТР на людське спілкування<br/>2.2. Морально-етична основа спілкування у творах фантастів<br/>2.3. Лексичні ресурси письменників-фантастів<br/>2.4. Емоційна атмосфера спілкування персонажів науково-фантастичних романів<br/>Висновки до Розділу ІІ.<br/>Розділ ІІІ. Класика наукової фантастики на екрані: текст роману як сценарій.<br/>3.1. "Неповнота" канадського "Потворного хлопчини"<br/>3.2. Парадокси часу у фільмі Ф. Трюффо "451 градус за Фаренгейтом"<br/>3.3. Подолання відчуженості у спілкуванні: "Соляріс" А. Тарковського<br/>3.4. Мелодраматичне спрощення людського спілкування: "Соляріс" С. Содерберга<br/>Висновки до Розділу ІІІ.<br/>Висновки.<br/>Список використаної літератури.
-- наукова фантастика, комунікація, роман, сценарій
650 ## - SUBJECT ADDED ENTRY--TOPICAL TERM
Topical term or geographic name as entry element Research Papers
942 ## - ADDED ENTRY ELEMENTS (KOHA)
Koha item type Книги
Фонди
Withdrawn status Lost status Source of classification or shelving scheme Damaged status Not for loan Home library Current library Date acquired Source of acquisition Cost, normal purchase price Total Checkouts Full call number Barcode Date last seen Price effective from Koha item type
    Universal Decimal Classification     ВІЛ - Відділ іноземн. літератури НБ ВІЛ - Відділ іноземн. літератури НБ 17/06/2014 Акт №8 1.00   09 215486 09/11/2021 17/06/2014 Книги